Relevance in Meeting the Challenges of the 21st Century/ (Record no. 188813)

MARC details
000 -LEADER
fixed length control field 00524nam a22001817a 4500
005 - DATE AND TIME OF LATEST TRANSACTION
control field 20220603160240.0
010 ## - LCCN (DPL NO)
LC control number ENG-133001
020 ## - INTERNATIONAL STANDARD BOOK NUMBER
International Standard Book Number 9789381325537
Terms of availability 200.00
035 ## - SYSTEM CONTROL NUMBER
System control number EN-116533
037 ## - SOURCE OF ACQUISITION
Source of stock number/acquisition DBAD/PUB
082 ## - DEWEY DECIMAL CLASSIFICATION NUMBER
Classification number 181.46
100 ## - MAIN ENTRY--PERSONAL NAME
Personal name Vivekananda's, Swami
245 ## - TITLE STATEMENT
Title Relevance in Meeting the Challenges of the 21st Century/
Statement of responsibility, etc Swami Vivekananda's
260 ## - PUBLICATION, DISTRIBUTION, ETC. (IMPRINT)
Place of publication, distribution, etc Kolkata
Name of publisher, distributor, etc Ramakrishna Mission
Date of publication, distribution, etc 2014
270 ## - ADDRESS
Address Gol Park
City Kolkata
Postal code 700029
300 ## - PHYSICAL DESCRIPTION
Extent 155p.
Dimensions 21cm(pbk)
942 ## - ADDED ENTRY ELEMENTS (KOHA)
Source of classification or shelving scheme Dewey Decimal Classification
Item type English Books
Call number suffix 181.46
Classification part VIV
Holdings
Withdrawn status Lost status Not for loan Collection code Home library Current library Date acquired Source of acquisition Cost, normal purchase price Full call number Barcode Copy number Cost, replacement price Koha item type
    Not For Loan Non-fiction D.B.Act.Division Mobile Library 03/06/2022 DBAD/PUB 200.00 VIV 181.46 EN-116533 1 200.00 English Books

© Delhi Public Library
Hit Counter
free hit counter